[Event "It (open)"]
[Site "masterchessopen.com Cuxhaven (Germany)"]
[Round "2"]
[White "Hauschild Andreas (GER)"]
[Black "Lerner Konstantin Z (UKR)"]
[Result "0-1"]
[WhiteElo "2266"]
[BlackElo "2530"]

1.d4 Nf6 2.c4 e6 3.Nc3 Bb4 4.Bg5 c5 5.d5 h6 6.Bh4 d6 7.e3 Bxc3+ 8.bxc3 Qe7
9.Nf3 e5 10.Nd2 g5 11.Bg3 Bf5 12.Be2 Nbd7 13.h4 O-O-O 14.Qa4 Kb8 15.O-O-O Nb6
16.Qb3 Bd7 17.Rde1 Rdg8 18.Qb1 Ka8 19.Bd1 Qd8 20.Kb2 g4 21.h5 Qc8 22.Ka1 Ne8
23.e4 f5 24.exf5 Bxf5 25.Bc2 Ng7 26.Bxf5 Nxf5 27.Qd3 Rf8 28.Ne4 Qd7 29.Nd2 Rf7
30.Re2 Rhf8 31.Rc1 Qa4 32.Qe4 Qa3 33.Rc2 Rg7 34.Bh2 Rg5 35.Nb1 Qa4 36.Nd2 Rxh5
37.Bg3 Rh1+ 38.Kb2 h5 39.Bxe5 dxe5 40.Qxe5 {#R} 0-1

[Event "Ch Finland (team)"]
[Site "masterchessopen.com Finland"]
[Round "0"]
[White "Tella Jussi (FIN)"]
[Black "Lehtivaara Petri (FIN)"]
[Result "1-0"]
[WhiteElo "2429"]
[BlackElo "2342"]

1.d4 e6 2.c4 Nf6 3.Nc3 Bb4 4.Bg5 c5 5.d5 h6 6.Bh4 d6 7.e3 g5 8.Bg3 Ne4 9.Qc2
Bxc3+ 10.bxc3 Nxg3 11.hxg3 e5 12.Bd3 Nd7 13.Nf3 Qe7 14.a4 a5 15.Bf5 Rb8 16.Rb1
b6 17.Rb3 Kd8 18.O-O Ba6 19.Nd2 Kc7 20.Rfb1 Rb7 21.R1b2 Nf6 22.Qb1 Rhb8 23.e4
Qe8 24.Qd1 Qh8 25.Qe2 h5 26.f4 gxf4 27.gxf4 Qe8 28.fxe5 Qxe5 29.Qf2 Rg8 30.Nf3
Qf4 31.e5 Qxf5 32.exd6+ Kb8 33.Rxb6 Ne4 34.Qe3 Rxb6 35.Rxb6+ Ka7 36.Rc6 Rb8
37.Kh2 h4 38.Rxc5 Nxc5 39.Qxc5+ Rb6 40.Qc7+ Rb7 41.Qc5+ Rb6 42.Qc7+ Bb7 43.d7
h3 44.d8=Q Qg6 45.Qcb8+ {#r} 1-0

[Event "Ch Finland (team) 1993/94"]
[Site "masterchessopen.com Finland"]
[Round "3"]
[White "Tella Jussi (FIN)"]
[Black "Haapasalo Jukka-Pekka (FIN)"]
[Result "1-0"]
[WhiteElo "2429"]
[BlackElo "2084"]

1.d4 Nf6 2.c4 e6 3.Nc3 Bb4 4.Bg5 c5 5.d5 h6 6.Bh4 d6 7.e3 Bxc3+ 8.bxc3 Qe7
9.Nf3 Nbd7 10.Be2 e5 11.Nd2 g5 12.Bg3 h5 13.h4 g4 14.Qa4 Kd8 15.Rb1 Kc7 16.Bd3
Nb6 17.Qa5 Kb8 18.O-O Ne8 19.e4 Ng7 20.Rfe1 f5 21.exf5 Nxf5 22.Bxf5 Bxf5
23.Rb5 Rc8 24.Qa3 Nd7 25.Rb2 Rc7 26.Nb3 a6 27.Na5 Ka7 28.Rxb7+ {#r} 1-0

[Event "Oberliga NRW 1992/93"]
[Site "masterchessopen.com Germany"]
[Round "0"]
[White "Stratmann Burkhard (GER)"]
[Black "Auer Martin (GER)"]
[Result "0-1"]
[WhiteElo "2137"]
[BlackElo "2292"]

1.d4 Nf6 2.c4 e6 3.Nc3 Bb4 4.Bg5 c5 5.d5 h6 6.Bh4 d6 7.e3 Bxc3+ 8.bxc3 e5
9.Qc2 Qe7 10.Nf3 g5 11.Bg3 e4 12.Nd2 Bf5 13.Rb1 Bg6 14.Be2 O-O 15.h4 b6 16.Nf1
Nbd7 17.Kd2 Kg7 18.Qa4 Rfc8 19.Qa6 Ne8 20.Bh2 Ne5 21.Bxe5+ dxe5 22.hxg5 hxg5
23.Ng3 Nd6 24.Bd1 Rh8 25.Ba4 Rh4 26.Rxb6 Nxc4+ 27.Qxc4 axb6 28.Rb1 Qf6 29.Ke2
Rh2 30.Kf1 Rah8 31.Rb2 R8h4 32.Bd7 Rh1+ 33.Ke2 Rg1 34.Qa6 Rxg2 35.Bf5 Rxg3
{#R} 0-1

[Event "Ch Sweden"]
[Site "masterchessopen.com Lindesberg (Sweden)"]
[Round "0"]
[White "Ohlzon Nils-Johan (SWE)"]
[Black "Hedman Erik (SWE)"]
[Result "0-1"]
[WhiteElo "2158"]
[BlackElo "2392"]

1.d4 Nf6 2.c4 e6 3.Nc3 Bb4 4.Bg5 c5 5.d5 h6 6.Bh4 d6 7.e3 Qe7 8.Bd3 O-O 9.Ne2
Nbd7 10.Nc1 Bxc3+ 11.bxc3 exd5 12.cxd5 Qe5 13.Qc2 Nxd5 14.Bg3 Qxc3+ 15.Qxc3
Nxc3 16.Bxd6 Re8 17.Nb3 b6 18.O-O Nf6 19.Bg3 Be6 20.Bc2 Ne2+ 21.Kh1 Nxg3+
22.hxg3 Rad8 {#R} 0-1

[Event "It (a)"]
[Site "masterchessopen.com Odorheiu Secuiesc (Romania)"]
[Round "0"]
[White "Rogozenko Dorian (ROM)"]
[Black "Sax Gyula (HUN)"]
[Result "1-0"]
[WhiteElo "2480"]
[BlackElo "2515"]

1.d4 Nf6 2.c4 e6 3.Nc3 Bb4 4.Bg5 h6 5.Bh4 c5 6.d5 d6 7.e3 Bxc3+ 8.bxc3 e5 9.f3
g5 10.Bg3 e4 11.h4 g4 12.h5 exf3 13.gxf3 Qe7 14.Bh4 Qe5 15.Qd2 Nxh5 16.O-O-O
gxf3 17.Nxf3 Qe4 18.Qf2 Bg4 19.Be2 f5 20.Nd2 Qe5 21.Bxg4 Qxc3+ 22.Kb1 Qd3+
23.Kb2 fxg4 24.Rhf1 Qg6 25.Ne4 Na6 26.Qf5 Qxf5 27.Rxf5 {#r} 1-0

[Event "It (open)"]
[Site "masterchessopen.com Sevilla (Spain)"]
[Round "0"]
[White "Happel Hendrik A (NED)"]
[Black "Franco Ocampos Zenon (PAR)"]
[Result "0-1"]
[WhiteElo "2140"]
[BlackElo "2480"]

1.d4 Nf6 2.c4 e6 3.Nc3 Bb4 4.Bg5 c5 5.d5 h6 6.Bh4 d6 7.f3 Qe7 8.e4 Bxc3+
9.bxc3 e5 10.Bd3 Nbd7 11.Ne2 Nf8 12.Qd2 g5 13.Bf2 Ng6 14.Be3 Kd8 15.Ng3 Nf4
16.O-O Kc7 17.Rab1 h5 18.Bc2 b6 19.a4 a5 20.Nf5 Bxf5 21.exf5 h4 22.Rb5 Rhg8
23.Rfb1 Rab8 24.Be4 g4 25.Bxf4 exf4 26.Qxf4 h3 27.g3 Rge8 28.R5b2 Nxe4 29.fxe4
Qxe4 30.Rf1 Re5 31.Rbf2 Rg8 32.Qxe4 Rxe4 33.Rf4 Re3 34.Rc1 Re2 35.Rcf1 Rg2+
36.Kh1 Re8 37.Rg1 Ree2 {#R} 0-1

[Event "It (cat.8)"]
[Site "masterchessopen.com Alushta (Ukraine)"]
[Round "0"]
[White "Lempert Igor (UKR)"]
[Black "Gipslis Aivars (LAT)"]
[Result "1-0"]
[WhiteElo "2510"]
[BlackElo "2485"]

1.d4 Nf6 2.c4 e6 3.Nc3 Bb4 4.Bg5 h6 5.Bh4 c5 6.d5 d6 7.e3 O-O 8.Nf3 exd5
9.cxd5 Re8 10.Bd3 Nbd7 11.O-O Bxc3 12.bxc3 Nf8 13.Qc2 g5 14.Bg3 Nh5 15.Nd2
Nxg3 16.fxg3 Rxe3 17.Nc4 Re7 18.Rf6 Re1+ 19.Rxe1 Qxf6 20.Qf2 Qxf2+ 21.Kxf2 Bg4
22.Re7 Rd8 23.Rxb7 Nd7 24.Rxa7 Nf6 25.Ne3 Rb8 26.Ke1 c4 27.Bxc4 Rb1+ 28.Kd2
Rb2+ 29.Kc1 Rf2 30.Rb7 Be2 31.Rb2 Ng4 32.Nxg4 Rf1+ 33.Kd2 Bxc4 34.Ne3 Rf2+
35.Kc1 Be2 36.g4 Kg7 37.Nf5+ Kf6 38.Ng3 {#r} 1-0

[Event "It"]
[Site "masterchessopen.com Garmisch Partenkirchen (Germany)"]
[Round "10"]
[White "Jussupow Artur (GER)"]
[Black "Lobron Eric (GER)"]
[Result "1-0"]
[WhiteElo "2655"]
[BlackElo "2580"]

1.d4 Nf6 2.c4 e6 3.Nc3 Bb4 4.Bg5 c5 5.d5 h6 6.Bh4 d6 7.e3 Bxc3+ 8.bxc3 Qe7
9.Nf3 Nbd7 10.dxe6 Qxe6 11.Be2 b6 12.Qd3 Bb7 13.O-O-O Ke7 14.Rhe1 Be4 15.Qd2
Rad8 16.Nd4 cxd4 17.exd4 g5 18.Bg3 Kf8 19.f3 d5 20.cxd5 Qxd5 21.fxe4 Nxe4
22.Bf3 Ndf6 23.Qc2 {#r} 1-0

[Event "It (open) \"]
[Site "masterchessopen.com Gausdal (Norway)"]
[Round "1"]
[White "Henriksen Morten (NOR)"]
[Black "Kristensen Bjarke (DEN)"]
[Result "0-1"]
[WhiteElo "2171"]
[BlackElo "2440"]

1.d4 Nf6 2.c4 e6 3.Nc3 Bb4 4.Bg5 h6 5.Bh4 c5 6.d5 d6 7.Nf3 e5 8.Qc2 g5 9.Bg3
Nh5 10.e4 Nd7 11.Be2 Nf4 12.Bxf4 exf4 13.a3 Ba5 14.Rb1 Bxc3+ 15.Qxc3 O-O 16.g3
Qe7 17.Nd2 Nf6 18.gxf4 Nxe4 19.Qe3 Re8 20.fxg5 Nxg5 21.Rg1 Bh3 22.Qxe7 Rxe7
23.Kd1 Kf8 24.Bd3 Bd7 25.Rg3 Rae8 26.Kc2 Re1 27.Rxe1 Rxe1 28.Nf3 Rh1 29.Nxg5
hxg5 30.Rxg5 Rxh2 31.Kc3 Rxf2 32.b4 b6 33.Rh5 Rf3 34.Rh2 Bf5 35.Rd2 {#R} 0-1

[Event "Bundesliga (2nd) South 1993/94"]
[Site "masterchessopen.com Germany"]
[Round "0"]
[White "Trettin Ulrich (GER)"]
[Black "Nonnenmacher Eberhard Dr (GER)"]
[Result "1-0"]
[WhiteElo "2194"]
[BlackElo "2285"]

1.d4 Nf6 2.c4 e6 3.Nc3 Bb4 4.Bg5 h6 5.Bh4 c5 6.d5 d6 7.e3 Qe7 8.Bd3 Nbd7 9.Ne2
Ne5 10.O-O Nxd3 11.Qxd3 g5 12.Bg3 e5 13.f4 e4 14.Qc2 Ng4 15.Qxe4 Nxe3 16.fxg5
Nxf1 17.Rxf1 hxg5 18.Bxd6 Qxe4 19.Nxe4 f5 20.Nxc5 Rh6 21.a3 Bxa3 22.bxa3 Rxd6
23.Nd4 Rf6 24.Ne4 Ra6 25.Nxg5 Rxa3 26.Nb5 {#r} 1-0

[Event "Oberliga NRW 1993/94"]
[Site "masterchessopen.com Germany"]
[Round "0"]
[White "Gupta Milon (GER)"]
[Black "Boehle Lars (GER)"]
[Result "0-1"]
[WhiteElo "2270"]
[BlackElo "2219"]

1.d4 Nf6 2.c4 e6 3.Nc3 Bb4 4.Bg5 h6 5.Bh4 c5 6.d5 d6 7.e3 Bxc3+ 8.bxc3 e5 9.f3
g5 10.Bg3 e4 11.h4 g4 12.h5 exf3 13.gxf3 Qe7 14.Be2 Nbd7 15.Qd2 gxf3 16.Bxf3
Rg8 17.Ne2 Ne5 18.Bxe5 Qxe5 19.O-O-O Bg4 20.Rdf1 O-O-O 21.Rh4 Bxf3 22.Rxf3 Ne4
23.Qc2 f5 24.Rhf4 Rg5 25.Rh4 Rdg8 26.Rh1 Rg2 27.Re1 R8g5 28.Qd3 Rh2 29.Ref1
Rxe2 30.Qxe2 Qxc3+ 31.Kd1 Qa1+ 32.Kc2 Qxa2+ {#R} 0-1

[Event "Olympiad"]
[Site "masterchessopen.com Moscow (Russia)"]
[Round "12"]
[White "Vergara Jose (FRA)"]
[Black "Rezaei Reza (IRI)"]
[Result "1-0"]
[WhiteElo "2152"]
[BlackElo "2185"]

1.d4 Nf6 2.c4 e6 3.Nc3 Bb4 4.Bg5 h6 5.Bh4 c5 6.d5 d6 7.e3 e5 8.Bd3 Nbd7 9.Qc2
g5 10.Bg3 Nh5 11.Ne2 Nf8 12.O-O Bxc3 13.bxc3 Rg8 14.f4 gxf4 15.exf4 f6 16.fxe5
dxe5 17.Rf2 Qd6 18.Raf1 Rg4 19.Bf5 Bxf5 20.Rxf5 Rg5 21.Bh4 Nd7 22.Bxg5 hxg5
23.h4 O-O-O 24.hxg5 Rh8 25.Qe4 fxg5 26.Rxg5 Nhf6 27.Qf5 Qa6 28.Qe6 Qxc4
29.Rxf6 Qxe2 30.Rg8+ Rxg8 31.Qxg8+ Kc7 32.d6+ Kc6 33.Qc8+ Kb6 34.Qxd7 Qe1+
35.Rf1 Qe3+ {#r} 1-0

[Event "n) (b"]
[Site "masterchessopen.com Badalona (Spain)"]
[Round "3"]
[White "Dekker Andries (NED)"]
[Black "Anagnostopoulos Dimitri (GRE)"]
[Result "0-1"]
[WhiteElo "2205"]
[BlackElo "2450"]

1.d4 Nf6 2.c4 e6 3.Nc3 Bb4 4.Bg5 h6 5.Bh4 c5 6.d5 d6 7.e3 Bxc3+ 8.bxc3 e5 9.f4
Qe7 10.Be2 exf4 11.exf4 g5 12.fxg5 Ne4 13.Qd3 hxg5 14.Bg3 Bf5 15.Qe3 Nd7
16.O-O-O Nxg3 17.Qxg3 O-O-O 18.Rf1 Qe4 19.Kb2 Qc2+ 20.Ka1 Ne5 21.Qe1 Nd3
22.Bxd3 Bxd3 23.Rf2 {#R} 0-1

[Event "It (open)"]
[Site "masterchessopen.com Barbera (Spain)"]
[Round "8"]
[White "Gomez Esteban Juan Mario (ESP)"]
[Black "Gonzalez Freixas Albert (ESP)"]
[Result "1-0"]
[WhiteElo "2425"]
[BlackElo "2194"]

1.d4 Nf6 2.c4 e6 3.Nc3 Bb4 4.Bg5 h6 5.Bh4 c5 6.d5 d6 7.e3 Bxc3+ 8.bxc3 Qe7
9.Nf3 e5 10.Qc2 Na6 11.Nd2 Bd7 12.Bd3 g5 13.Bg3 Nh5 14.Rb1 Rb8 15.O-O O-O
16.f4 f5 17.fxe5 Nxg3 18.hxg3 Qxe5 19.e4 Qxg3 20.Rf3 Qe5 21.exf5 Nc7 22.Rbf1
Ne8 23.Qc1 g4 24.R3f2 Qg3 25.Ne4 Qxd3 26.Qxh6 Qxe4 27.Rf4 Qe3+ 28.Kh1 Nf6
29.Qg6+ Kh8 30.R1f3 Qe1+ 31.Kh2 Qe7 32.Rxg4 Nxg4+ 33.Qxg4 Bxf5 {#r} 1-0

[Event "It (open)"]
[Site "masterchessopen.com Cappelle la Grande (France)"]
[Round "5"]
[White "Kogan Artur (ISR)"]
[Black "Rashkovsky Nukhim N (RUS)"]
[Result "0-1"]
[WhiteElo "2495"]
[BlackElo "2560"]

1.d4 Nf6 2.c4 e6 3.Nc3 Bb4 4.Bg5 h6 5.Bh4 c5 6.d5 d6 7.f3 Bxc3+ 8.bxc3 e5 9.e3
Nbd7 10.Bd3 Qe7 11.Qb1 g5 12.Bg3 h5 13.h4 g4 14.Ne2 Rg8 15.a4 Kd8 16.Ra2 Kc7
17.Rb2 gxf3 18.gxf3 e4 19.Bxe4 Nb6 20.Rb5 Nxe4 21.fxe4 Rxg3 22.Nxg3 Nxc4
23.Qb3 Nxe3 24.c4 Nf5 25.O-O Nd4 26.Qc3 Bd7 27.Qa5+ b6 28.Rxb6 axb6 29.Qxa8
Qxh4 30.Qg8 Qh3 31.Rxf7 h4 32.Nf1 Nf3+ 33.Kf2 Ne5 34.Rf8 Ng4+ 35.Kg1 Qc3
36.Qh7 Qd4+ 37.Kh1 Nf2+ 38.Kg2 h3+ 39.Kf3 Nd3 40.Ne3 Ne5+ 41.Kf4 Nd3+ 42.Kf3
Ne5+ 43.Kf4 Qd2 {#R} 0-1

[Event "It (open)"]
[Site "masterchessopen.com Nigran (Spain)"]
[Round "3"]
[White "Lima Darcy (BRA)"]
[Black "Martin Juan Manuel (ESP)"]
[Result "1-0"]
[WhiteElo "2475"]
[BlackElo "2255"]

1.d4 e6 2.c4 Nf6 3.Nc3 Bb4 4.Bg5 h6 5.Bh4 c5 6.d5 d6 7.e3 g5 8.Bg3 Ne4 9.Ne2
Qf6 10.Qc2 exd5 11.O-O-O Nxg3 12.Nxg3 Bxc3 13.bxc3 Be6 14.cxd5 Bc8 15.h4 g4
16.Be2 Kd8 17.Ne4 Qe5 18.Nd2 g3 19.Nc4 Qe7 20.fxg3 Rg8 21.Rhf1 b5 22.Na5 Qxe3+
23.Kb2 b4 24.Rxf7 Qxc3+ 25.Qxc3 bxc3+ 26.Kxc3 Rxg3+ 27.Bf3 Ke8 28.Rf6 Bg4
29.Re1+ Kd8 30.Rxd6+ Kc7 31.Rg6 {#r} 1-0

[Event "Ch Australia"]
[Site "masterchessopen.com Sydney (Australia)"]
[Round "2"]
[White "Jones Brian (AUS)"]
[Black "Norris Damian C (FIJ)"]
[Result "0-1"]
[WhiteElo "2280"]
[BlackElo "2071"]

1.d4 Nf6 2.c4 e6 3.Nc3 Bb4 4.Bg5 h6 5.Bh4 c5 6.d5 d6 7.e3 Bxc3+ 8.bxc3 e5
9.Qc2 O-O 10.Bd3 Re8 11.f3 Nbd7 12.Ne2 e4 13.Bxe4 g5 14.Bg3 Nxe4 15.fxe4 Qe7
16.O-O Nf6 17.e5 Ng4 18.e6 Nxe3 19.Qe4 Nxf1 20.Rxf1 Bxe6 21.dxe6 Qxe6 22.Qxe6
Rxe6 23.Rf2 f5 24.h4 f4 25.Bh2 Rae8 26.Kf1 Re4 27.Ke1 Rxc4 28.Kd2 Rce4 29.Nc1
Rf8 30.hxg5 hxg5 31.Kc2 g4 32.Rd2 g3 33.Bg1 Re1 34.Ne2 Re8 35.Nxf4 Rxg1 36.Nh5
Re6 37.Kd3 Re5 38.Nf4 Rf1 {#R} 0-1

[Event "Ch Toronto"]
[Site "masterchessopen.com Toronto (Canada)"]
[Round "10"]
[White "Southam David (CAN)"]
[Black "Livshits Ron (CAN)"]
[Result "0-1"]
[WhiteElo "2200"]
[BlackElo "2350"]

1.d4 Nf6 2.c4 e6 3.Nc3 Bb4 4.Bg5 h6 5.Bh4 c5 6.d5 d6 7.e3 Bxc3+ 8.bxc3 Qe7
9.Bd3 e5 10.Ne2 g5 11.Bg3 e4 12.Bc2 Kd8 13.h4 Re8 14.hxg5 hxg5 15.a4 Nbd7
16.Qb1 Kc7 17.Ra2 Ng4 18.a5 f5 19.a6 b6 20.Ba4 Rf8 21.Qb5 Nde5 22.Nd4 Bd7
23.Qxd7+ Nxd7 24.Nb5+ Kd8 25.Bxd6 Qg7 26.Rc2 Rf6 27.Bg3 Nde5 28.d6 Rh6 29.Rxh6
Qxh6 30.Nc7 Rc8 31.Ke2 Qxd6 32.Rd2 Qxd2+ 33.Kxd2 Rxc7 34.f3 {#R} 0-1

[Event "It (open) (a)"]
[Site "masterchessopen.com Zaragoza (Spain)"]
[Round "9"]
[White "Comas Fabrego Lluis (ESP)"]
[Black "Lalic Bogdan (ENG)"]
[Result "0-1"]
[WhiteElo "2490"]
[BlackElo "2590"]

1.d4 Nf6 2.c4 e6 3.Nc3 Bb4 4.Bg5 h6 5.Bh4 c5 6.d5 d6 7.e3 Qe7 8.Bd3 Bxc3+
9.bxc3 e5 10.Ne2 g5 11.Bg3 Nbd7 12.f3 Kd8 13.Qc2 Kc7 14.Rb1 Rg8 15.h3 Nb6
16.a4 a5 17.Bh2 Qe8 18.Ra1 Bd7 19.O-O h5 20.Ng3 h4 21.Nf5 Bxa4 22.Qb2 Nc8
23.Rfb1 b6 24.f4 gxf4 25.exf4 e4 26.Bf1 Bd7 27.Nxh4 Bxh3 28.f5 Bg4 29.Re1 e3
30.Bf4 e2 31.Bxe2 Qe4 32.Qd2 Bxe2 33.Rxe2 Qxc4 34.Rae1 Qxd5 35.Qe3 Re8 36.Qf2
Rxe2 37.Qxe2 {#R} 0-1

[Event "It (open) (b)"]
[Site "masterchessopen.com Zaragoza (Spain)"]
[Round "9"]
[White "Capit Francois (FRA)"]
[Black "Pautrot Stephane (FRA)"]
[Result "1-0"]
[WhiteElo "2200"]
[BlackElo "2170"]

1.d4 Nf6 2.c4 e6 3.Nc3 Bb4 4.Bg5 c5 5.d5 h6 6.Bh4 d6 7.e3 g5 8.Bg3 Ne4 9.Qc2
Qa5 10.Rc1 Nxg3 11.hxg3 Qxa2 12.Nf3 g4 13.Nd2 Bxc3 14.Qxc3 e5 15.Ne4 Kd7
16.Rh5 Qa6 17.Rxe5 {#r} 1-0

[Event "It (a)"]
[Site "masterchessopen.com Balatonbereny (Hungary)"]
[Round "2"]
[White "Dao Thien Hai (VIE)"]
[Black "Horvath Jozsef M (HUN)"]
[Result "1-0"]
[WhiteElo "2535"]
[BlackElo "2104"]

1.d4 Nf6 2.c4 e6 3.Nc3 Bb4 4.Bg5 h6 5.Bh4 c5 6.d5 d6 7.e3 Bxc3+ 8.bxc3 e5
9.Nf3 Bf5 10.Nd2 g5 11.Bg3 Qe7 12.Qb3 b6 13.f3 e4 14.Be2 Nbd7 15.f4 Bg4
16.Bxg4 Nxg4 17.O-O f5 18.Rae1 h5 19.fxg5 Qxg5 20.Qa4 Rc8 21.Bxd6 Nxe3 22.Rf2
Ng4 23.Nxe4 fxe4 24.Rxe4+ Kd8 25.Rfe2 {#r} 1-0

[Event "It (open)"]
[Site "masterchessopen.com Barbera (Spain)"]
[Round "3"]
[White "Gonzalez Velez Fermin (ESP)"]
[Black "Gomez Esteban Juan Mario (ESP)"]
[Result "0-1"]
[WhiteElo "2405"]
[BlackElo "2495"]

1.d4 Nf6 2.c4 e6 3.Nc3 Bb4 4.Bg5 h6 5.Bh4 c5 6.d5 d6 7.e3 Bxc3+ 8.bxc3 Qe7
9.Nf3 e5 10.Qc2 Nbd7 11.Nd2 g5 12.Bg3 Kd8 13.Bd3 Kc7 14.a4 a5 15.f3 Nb6 16.O-O
Nh5 17.f4 Nxg3 18.hxg3 Bd7 19.fxe5 Qxe5 20.e4 f6 21.Rf3 h5 22.Nf1 h4 23.gxh4
Rxh4 24.Ng3 g4 25.Re3 f5 26.Nf1 Rah8 {#R} 0-1

[Event "It (open)"]
[Site "masterchessopen.com Barbera (Spain)"]
[Round "5"]
[White "Gonzalez Velez Fermin (ESP)"]
[Black "Pascual Arevalo Ruben (ESP)"]
[Result "1-0"]
[WhiteElo "2405"]
[BlackElo "2340"]

1.d4 Nf6 2.c4 e6 3.Nc3 Bb4 4.Bg5 h6 5.Bh4 c5 6.d5 d6 7.e3 Bxc3+ 8.bxc3 e5
9.Qc2 Qe7 10.Nf3 g5 11.Bg3 e4 12.Nd2 Bf5 13.Rb1 b6 14.Be2 Bg6 15.Qa4+ Qd7
16.Qa3 O-O 17.Rxb6 axb6 18.Qxa8 Qe7 19.h4 Nfd7 20.hxg5 hxg5 21.Bh5 Kg7 22.Bxg6
Kxg6 23.Qa4 f5 24.Qb3 f4 25.exf4 gxf4 26.Bh4 Qe5 27.Qc2 Rh8 28.Rh3 Qf5 29.Qxe4
Qxe4+ 30.Nxe4 Re8 31.f3 Ne5 32.Bg5 Nf7 33.Bxf4 Nd7 34.Kf2 Nde5 35.Bxe5 Rxe5
36.Rh1 {#r} 1-0

[Event "It (open) \"]
[Site "masterchessopen.com Berlin (Germany)"]
[Round "0"]
[White "Sheldon Ruth (ENG)"]
[Black "Kacheishvili Giorgi (GEO)"]
[Result "1-0"]
[WhiteElo "2230"]
[BlackElo "2515"]

1.d4 Nf6 2.c4 e6 3.Nc3 Bb4 4.Bg5 h6 5.Bh4 c5 6.d5 d6 7.e3 Bxc3+ 8.bxc3 e5
9.Bd3 Nbd7 10.Ne2 e4 11.Bc2 g5 12.Bg3 Qe7 13.h4 Rg8 14.Qb1 Kd8 15.hxg5 hxg5
16.Qb5 Ne5 17.Rb1 b6 18.a4 Bd7 19.Qa6 Ne8 20.Bxe5 Qxe5 21.a5 Nc7 22.Qb7 bxa5
23.Kd2 Bc8 24.Qc6 Bd7 25.Qb7 Bf5 26.Ba4 Qe7 27.Rh6 Bg6 28.Qb8+ {#r} 1-0

[Event "Ch Slovenia (team)"]
[Site "masterchessopen.com Bled (Slovenia)"]
[Round "1"]
[White "Krumpacnik Domen (SLO)"]
[Black "Kovacic Peter (SLO)"]
[Result "1-0"]
[WhiteElo "2385"]
[BlackElo "2173"]

1.d4 Nf6 2.c4 e6 3.Nc3 Bb4 4.Bg5 h6 5.Bh4 c5 6.d5 d6 7.e3 O-O 8.Bd3 Nbd7 9.Ne2
exd5 10.cxd5 Qc7 11.O-O a6 12.Rc1 b5 13.Bb1 Bxc3 14.Rxc3 Bb7 15.e4 Rae8 16.Re3
Qb6 17.h3 a5 18.Kh1 Kh8 19.Re1 Nh7 20.Ng1 Ndf6 21.f4 g6 22.a3 c4 23.Bf2 Kg8
24.Nf3 Qd8 25.R3e2 Qd7 26.Qd2 Ra8 27.Bd4 Rfe8 28.Bc3 Nh5 29.Kh2 Qd8 30.g4 Ng7
31.f5 f6 32.fxg6 Nf8 33.Qxh6 Bc8 34.g5 {#r} 1-0

[Event "Ch Slovenia"]
[Site "masterchessopen.com Grize (Slovenia)"]
[Round "0"]
[White "Krumpacnik Domen (SLO)"]
[Black "Grosar Aljosa (SLO)"]
[Result "0-1"]
[WhiteElo "2385"]
[BlackElo "2485"]

1.d4 Nf6 2.c4 e6 3.Nc3 Bb4 4.Bg5 h6 5.Bh4 c5 6.d5 d6 7.e3 Bxc3+ 8.bxc3 Qe7
9.Bd3 Nbd7 10.Ne2 g5 11.dxe6 Qxe6 12.Bg3 Ne5 13.O-O O-O 14.f4 Neg4 15.fxg5
hxg5 16.Qd2 Ne4 17.Bxe4 Qxe4 18.Rf3 Be6 19.Qxd6 Bxc4 20.Re1 Rac8 21.Bf2 Rc6
22.Ng3 Qh7 {#R} 0-1

[Event "Ch Hungary (team) 1995/96"]
[Site "masterchessopen.com Hungary"]
[Round "13"]
[White "Dao Thien Hai (VIE)"]
[Black "Tolnai Tibor (HUN)"]
[Result "1-0"]
[WhiteElo "2535"]
[BlackElo "2530"]

1.d4 Nf6 2.c4 e6 3.Nc3 Bb4 4.Bg5 h6 5.Bh4 c5 6.d5 d6 7.e3 exd5 8.cxd5 Nbd7
9.Bd3 a6 10.Ne2 Ne5 11.Bc2 Nc4 12.Rb1 Bg4 13.O-O b5 14.h3 Nxb2 15.Rxb2 Bxc3
16.Rb1 Bxe2 17.Qxe2 Qa5 18.a4 c4 19.f4 O-O 20.e4 Rfe8 21.Qf3 b4 22.Rbd1 Nd7
23.e5 dxe5 24.Qe4 g6 25.Kh1 f5 26.Qxc4 Rac8 27.Qe2 exf4 28.Qf2 Be5 29.d6 Rc3
30.Bb3+ Kg7 31.Qa7 Rd8 32.Bxd8 Qxd8 33.Be6 Kf6 34.Qxd7 Qxd7 35.Bxd7 b3 36.Bxf5
{#r} 1-0

[Event "Ch Peru"]
[Site "masterchessopen.com Peru"]
[Round "10"]
[White "Pacheco Joao (POR)"]
[Black "Ramos Ernesto (PER)"]
[Result "1-0"]
[WhiteElo "2060"]
[BlackElo "2295"]

1.d4 Nf6 2.c4 e6 3.Nc3 Bb4 4.Bg5 h6 5.Bh4 c5 6.d5 d6 7.e3 e5 8.Qc2 Nbd7 9.Bd3
Qe7 10.f3 b5 11.cxb5 g5 12.Bf2 Nxd5 13.Ne2 Bxc3+ 14.bxc3 N5f6 15.e4 Nh5 16.Ng3
Nxg3 17.hxg3 Nf6 18.Be3 Qf8 19.Qa4 Bd7 20.Qa6 Ke7 21.Rb1 Qb8 22.Kf2 Qb6 23.Qa3
Rab8 24.Be2 h5 25.Rbd1 Be6 26.Rd2 g4 27.Rhd1 h4 28.Rxd6 hxg3+ 29.Kg1 gxf3
30.Bxf3 Qxb5 31.Bxc5 Rbc8 32.Bb6 Nxe4 33.Bxe4 Kf6 34.c4 Qxc4 35.Rf1+ Kg7
36.Qxg3+ Kf8 37.Bd3 Qxa2 38.Bc5 Rxc5 39.Rd8+ Ke7 40.Rxh8 Qd2 41.Qh4+ Kd6
42.Rd8+ Bd7 43.Rxd7+ {#r} 1-0

[Event "Slovak League 1995/96"]
[Site "masterchessopen.com Slovakia"]
[Round "9"]
[White "Motuz Karol (SVK)"]
[Black "Priehoda Vitezslav (CZE)"]
[Result "1-0"]
[WhiteElo "2255"]
[BlackElo "2400"]

1.d4 Nf6 2.c4 e6 3.Nc3 Bb4 4.Bg5 c5 5.d5 h6 6.Bh4 d6 7.e3 Bxc3+ 8.bxc3 Qe7
9.Bd3 Nbd7 10.dxe6 Qxe6 11.Ne2 g5 12.Bg3 b6 13.h4 Rg8 14.hxg5 hxg5 15.Rh6 Bb7
16.Qc2 Bxg2 17.O-O-O Be4 18.Bxd6 Bxd3 19.Qxd3 O-O-O 20.Ng3 Rh8 21.Rxh8 Rxh8
22.Kc2 Rh4 23.f4 Ng4 24.Ne4 Nxe3+ 25.Qxe3 f5 26.Be5 Rh2+ 27.Kb3 fxe4 28.Qxe4
Nxe5 29.Qa8+ Kc7 30.Qxa7+ Kc6 31.fxe5 Rh6 32.Qa8+ Kc7 33.Qd8+ Kc6 34.Rd6+ Qxd6
35.exd6 Rxd6 36.Qc8# 1-0

[Event "It (open)"]
[Site "masterchessopen.com Terrasa (Spain)"]
[Round "6"]
[White "Gonzalez Velez Fermin (ESP)"]
[Black "Izeta Txabarri Felix (ESP)"]
[Result "0-1"]
[WhiteElo "2405"]
[BlackElo "2525"]

1.d4 Nf6 2.c4 e6 3.Nc3 Bb4 4.Bg5 c5 5.d5 h6 6.Bh4 d6 7.e3 exd5 8.cxd5 O-O
9.Bd3 Nbd7 10.Ne2 Ne5 11.O-O Ng6 12.Bg3 Nh5 13.f4 f5 14.Qc2 a6 15.e4 Nxg3
16.hxg3 c4 17.Bxc4 fxe4 18.Nxe4 Ne7 19.N2c3 Nf5 20.Rae1 Ba5 21.Qd3 b5 22.Bb3
b4 23.Nd1 Bd7 24.Bc4 b3 25.Ndc3 bxa2 26.Bxa2 Bb5 27.Nxb5 axb5 28.Ra1 Bb6+
29.Nf2 Qf6 30.Kh2 Qxb2 31.g4 {#R} 0-1

[Event "Olympiad (w)"]
[Site "masterchessopen.com Yerevan (Armenia)"]
[Round "1"]
[White "Matveeva Svetlana (RUS)"]
[Black "Borek Jutta (AUT)"]
[Result "1-0"]
[WhiteElo "2470"]
[BlackElo "2110"]

1.d4 Nf6 2.c4 e6 3.Nc3 Bb4 4.Bg5 h6 5.Bh4 c5 6.d5 d6 7.e3 e5 8.Qc2 Nbd7 9.Bd3
Qe7 10.f3 O-O 11.Ne2 Re8 12.O-O-O a6 13.g4 b5 14.cxb5 Nb6 15.a3 c4 16.Bh7+ Kh8
17.axb4 g5 18.Bxg5 hxg5 19.h4 gxh4 20.Rxh4 Kg7 21.g5 Nfd7 22.Bf5 Rg8 23.Rh7+
Kf8 24.g6 Rg7 25.Rh8+ Rg8 26.Rg1 Nf6 27.g7+ Ke8 28.Bh7 {#r} 1-0